Island Countries in a Map - Statistics

General Stats
  • This quiz has been taken 76 times
  • The average score is 42 of 47
Answers on the Map
Answers color-coded by a green-red scale on the quiz's map according to % correct below.
 
Answer Stats
Country % Correct
Cuba
100%
Haiti
100%
Jamaica
100%
Bahamas
98%
Dominica
98%
Dominican Republic
98%
Fiji
96%
Japan
96%
Philippines
96%
Cape Verde
94%
Cyprus
94%
Malta
94%
Marshall Islands
94%
New Zealand
94%
Papua New Guinea
94%
Saint Lucia
94%
Taiwan
94%
Iceland
92%
Indonesia
92%
Ireland
92%
Saint Kitts and Nevis
92%
Saint Vincent and the Grenadines
92%
Seychelles
92%
Sri Lanka
92%
United Kingdom
92%
Madagascar
90%
Maldives
90%
Solomon Islands
90%
Comoros
88%
Kiribati
88%
Samoa
88%
Tonga
86%
Trinidad and Tobago
86%
Vanuatu
86%
Antigua and Barbuda
84%
Barbados
84%
F. S. of Micronesia
84%
Grenada
84%
Mauritius
84%
Palau
84%
São Tomé and Principe
82%
Brunei
80%
Nauru
80%
Tuvalu
80%
Bahrain
78%
East Timor
76%
Singapore
62%
No matching quizzes found
Score Distribution
Percent of People with Each Score
Percentile by Number Answered
Your Score History
You have not taken this quiz